000
00200 a2200097 4500
001
860
100
_a
King,R.W.P
245
_a
Trasmission line theory
260
_a
_b
Mcgrawhill
_c
090
_c
451
_d
451
942
_a
NUST-CAE
_c
M
_c
30834
999
_c
235933
_d
235933